| 000 | 00530nam a2200145Ia 4500 | ||
|---|---|---|---|
| 008 | 180921t xxu||||| ||||o00| 0 eng d | ||
| 041 | _aeng | ||
| 080 | _aThe Ordinances Of Ceylon 1933-1934 | ||
| 245 | _aordinance No.21 of 1933.An ordinance To Amend The Tea (Control of Export) ordinance,No.11 of 1933.[Date of Governor's Assent : October 28,1933.] [Date of Commencement :October 28,1933 ] | ||
| 300 | _ap.32, 24 cm | ||
| 650 | _aTea (Control Of Export) | ||
| 942 | _cBK | ||
| 999 |
_c50018 _d50018 |
||
| 003 | LK-CoDNM | ||
| 040 |
_aLK-CoDNM _dLK-CoDNM _eLK-CoDNM |
||